Characterization of the enhancement effect of Na2CO3 on the sulfur capture capacity of limestones /
Guardado en:
| Otros Autores: | , , , |
|---|---|
| Formato: | Artículo |
| Lenguaje: | English |
| Materias: | |
| Etiquetas: |
Agregar Etiqueta
Sin Etiquetas, Sea el primero en etiquetar este registro!
|
| Thư viện lưu trữ: | Thư viện Trường Đại học Đà Lạt |
|---|
| LEADER | 01065nam a2200349 4500 | ||
|---|---|---|---|
| 001 | DLU090093962 | ||
| 005 | ##20091201 | ||
| 040 | # | # | |a DLU |b eng |
| 041 | # | # | |a eng |
| 044 | # | # | |a us |
| 245 | # | # | |a Characterization of the enhancement effect of Na2CO3 on the sulfur capture capacity of limestones / |c Karin Laursen ... [et al.]. |
| 653 | # | # | |a Adsorption capacity |
| 653 | # | # | |a Crystallites |
| 653 | # | # | |a Inorganic adsorbent |
| 653 | # | # | |a Limestone |
| 653 | # | # | |a Physicochemical purification |
| 653 | # | # | |a Pollution prevention |
| 653 | # | # | |a Sodium carbonate |
| 700 | # | # | |a Grace, John R. |
| 700 | # | # | |a Kern, Arnt A. |
| 700 | # | # | |a Laursen, Karin. |
| 700 | # | # | |a Lim, C. Jim. |
| 773 | # | # | |t Environmental Science & Technology |g Vol. 37, no. 16 (August 2003), p. 3709-3715 |
| 920 | # | # | |a Phòng Tạp chí -- Trung tâm Thông tin - Thư viện Trường Đại học Đà Lạt |
| 994 | # | # | |a DLU |
| 900 | # | # | |a True |
| 911 | # | # | |a Trương Bảo Trâm Anh |
| 925 | # | # | |a G |
| 926 | # | # | |a A |
| 927 | # | # | |a BB |
| 980 | # | # | |a Thư viện Trường Đại học Đà Lạt |